000 00560nam a2200193Ia 4500
001 22491
003 GE_BSU
008 181216s||||||||xx |||||||||||||| ||und||
040 _cGE_BSU
245 _aГеоморфология. №1. Январь-Март 2018.
245 _cГл.ред.Чичагов В.П.
260 _aМосква
260 _c2018
300 _a105 стр. 24см.
653 _aГеоморфология. №1. Январь-Март 2018.
653 _aПериодика
653 _aპერიოდიკა
942 _cCR
999 _c55410
_d55410